Movies Quiz

Random Movies or Actor Quiz

Top Ten Comedic Actors Quiz Stats

 Plays Quiz not verified by Sporcle

Score 0/10 Timer 03:00
0 Plays Today
One Film they Starred in Actor % Correct
The MaskJim Carrey
95.6%
ZoolanderBen Stiller
93.2%
ClickAdam Sandler
91.2%
SeinfeldJerry Seinfeld
89.9%
GhostbustersBill Murray
87.1%
Pink PantherSteve Martin
79.2%
Annie HallWoody Allen
67.7%
Pretty WomanJason Alexander
55.6%
A fish called WandaJohn Cleese
47.7%
SeinfeldMichael Richards
44.9%

You're not logged in!

Compare scores with friends on all Sporcle quizzes.
OR
Log In

Show Comments

Extras

Top Quizzes Today


Score Distribution

Your Account Isn't Verified!

In order to create a playlist on Sporcle, you need to verify the email address you used during registration. Go to your Sporcle Settings to finish the process.

Report this User

Report this user for behavior that violates our Community Guidelines.

Details: